| 000 | 00885nas a2200289 4500 | ||
|---|---|---|---|
| 001 | BR0203279 | ||
| 003 | BR-BrBNA | ||
| 005 | 20231205103051.0 | ||
| 007 | ta | ||
| 008 | 230509b bl.|||p| |||| 00| 00por d | ||
| 040 |
_aBR-BrBNA _bpor _cBiblioteca Nacional de Agricultura |
||
| 041 | _a(Pt) | ||
| 072 | _aJ11 | ||
| 100 | 1 | _aBotrel, N. | |
| 100 | 1 | _aFreire Junior, M. | |
| 100 | 1 | _aVasconcelos, R.M. de | |
| 100 | 1 | _aBarbosa, H.T.G. | |
| 245 | 1 | _aInibição do amadurecimento da banana-Prata-Anã com a aplicação do 1-metilciclopropeno | |
| 650 | _aBANANA | ||
| 650 | _aMATURAÇÃO | ||
| 650 | _aPRESERVAÇÃO DE ALIMENTO | ||
| 650 | _aARMAZENAMENTO | ||
| 650 | _aPÓS-COLHEITA | ||
| 773 | 0 |
_tRevista Brasileira de Fruticultura (Brazil) _xISSN 0100-2945 _g(Apr 2002), v. 24(1) p. 53-56 _wBR0203279 |
|
| 909 |
_a202311 _bLúcia _c55 _dLúcia Elande |
||
| 942 |
_2AGRIS _n0 _cANA |
||
| 999 |
_c170879 _d170879 |
||